Natalie Portman Trivia - Statistics

General Stats
  • This quiz has been taken 10 times
  • The average score is 4 of 7
Answer Stats
Hint Answer % Correct
How old is she? 44
100%
Where was she born? Jerusalem
75%
Who did she play in Star Wars? Padme Amidala
75%
What two languages does she speak fluently? English and Hebrew
38%
Who did she play in Thor? Jane Foster
38%
Who did she play in Léon? Mathilda
38%
Who did she play in Black Swan? Nina Sayers
13%
No matching quizzes found
Score Distribution
Percent of People with Each Score
Percentile by Number Answered
Your Score History
You have not taken this quiz